Sports Quiz

Random Sports or Baseball Quiz

Yankees Stolen Base Leaders Since 1950 Quiz Stats

 Plays Quiz not verified by Sporcle

Challenge
Share
Tweet
Embed
Score 0/25 Timer 08:00
0 Plays Today
Stolen Bases Player % Correct
358Derek Jeter
99.2%
326Rickey Henderson
92.3%
153Mickey Mantle
89.6%
152Alex Rodriguez
84.6%
147Bernie Williams
82.2%
251Willie Randolph
79.9%
112Chuck Knoblauch
73%
233Roy White
71.4%
130Alfonso Soriano
70.3%
80Paul O'Neill
69.5%
93Johnny Damon
67.2%
93Mickey Rivers
67.2%
149Phil Rizzuto
66.8%
Stolen Bases Player % Correct
74Bobby Murcer
66.4%
76Dave Winfield
65.3%
117Steve Sax
59.8%
102Jacoby Ellsbury
52.6%
151Roberto Kelly
49.4%
56Pat Kelly
49.4%
73Bobby Richardson
49%
57Bobby Abreu
47.5%
151Horace Clarke
40.2%
241Brett Gardner
39.8%
58Bob Meacham
15.4%
59Jerry Kenney
13.9%

You're not logged in!

Compare scores with friends on all Sporcle quizzes.
Join for Free
OR
Log In

You Might Also Like...

Show Comments

Extras

Top Quizzes Today


Score Distribution

Your Account Isn't Verified!

In order to create a playlist on Sporcle, you need to verify the email address you used during registration. Go to your Sporcle Settings to finish the process.

Report this User

Report this user for behavior that violates our Community Guidelines.

Details: